Možnosti zdokonalenia bankovej evidencie a jej lepšieho využitia v menovo-plánovacom procese v spojitosti s využívaním výpočtovej techniky kandidátska dizertačná práca

Saved in:
Bibliographic Details
Main Author: Hudec, Peter
Corporate Author: Vysoká škola ekonomická v Bratislave. Národohospodárska fakulta
Other Authors: Sobek, Otto
Format: Book
Language:Slovak
Published: Bratislava 1985
Tags: Add Tag
No Tags, Be the first to tag this record!

MARC

LEADER 00000nam a2200000 4500
001 c040641
005 20230116095154.5
041 0 |a slo 
044 |a SK 
245 1 0 |a Možnosti zdokonalenia bankovej evidencie a jej lepšieho využitia v menovo-plánovacom procese v spojitosti s využívaním výpočtovej techniky  |b kandidátska dizertačná práca  |c Peter Hudec ; Ved. práce Otto Sobek 
264 1 |a Bratislava  |c 1985 
300 |a 152 s. 
100 1 |a Hudec, Peter 
700 1 |a Sobek, Otto 
710 2 |a Vysoká škola ekonomická v Bratislave. Národohospodárska fakulta